000 00363nam a22001577a 4500
999 _c8777
_d8777
003 GBCCL
005 20241126110658.0
008 211008b ||||| |||| 00| 0 eng d
040 _cgbc
082 _a700
_bKAM
100 _aKamkhenthang, H.
_93358
245 _aZaila saklouh zaideih
260 _aImphal:
_bLunmang,
_c1997
300 _a152p.;
942 _2ddc
_cBK